| 000 | 00722nam a2200241 a 4500 | ||
|---|---|---|---|
| 005 | 20210219153439.0 | ||
| 008 | 991125n 000 0 u | ||
| 035 | _aUPN01000100396 | ||
| 100 | _aBurnette, Rand | ||
| 222 |
_aTEACHING HISTORY : _bA JOURNAL OF METHODS |
||
| 245 | _aSo you want to teach a Mickey Mouse course? an undergraduate course in the history of animation | ||
| 300 | _a59-67 | ||
| 362 | _a17, No. 2, 1992 | ||
| 505 | _aDiciembre 1993 | ||
| 653 | 0 | _aCULTURA POPULAR | |
| 653 | 0 | _aDESARROLLO CURRICULAR | |
| 653 | 0 | _aDIBUJOS ANIMADOS | |
| 653 | 0 | _aESTADOS UNIDOS DE AMERICA | |
| 653 | 0 | _aHISTORIA SOCIAL | |
| 653 | 0 | _aINSTRUCCION DE HISTORIA | |
| 904 |
_aAC _b038207 |
||
| 905 | _aArticulo | ||
| 999 |
_c77091 _d77091 |
||